| 000 | 00000nam##2200000za#4500 |
| 001 | 9.661456 |
| 003 | CaOODSP |
| 005 | 20210615120115 |
| 007 | ta |
| 008 | 150407|1999||||xxc||||| f|0| 0 fre|d |
| 020 | |a0-662-64616-9 |
| 040 | |aCaOODSP|bfre |
| 041 | |aeng |
| 041 | |afre |
| 043 | |an-cn--- |
| 086 | 1 |aH49-125/1999 |
| 110 | 1 |aCanada.|bSanté Canada. |bDirection générale de la protection de la santé. |
| 245 | 13|aLa surveillance de la santé des femmes: un plan d'action pour Santé Canada : |brapport du Comité consultatif sur la surveillance de la santé des femmes |
| 260 | |aOttawa - Ontario : |bSanté Canada. |c1999. |
| 300 | |aTexte français, 114p. ; |c28 cm. |
| 546 | |aBilingue |
| 563 | |aCouverture souple |
| 590 | |a00-26|b2000-06-30 |
| 691 | 07|aFemme|2gcpds |
| 691 | 07|aPromotion de la santé|2gcpds |
| 691 | 07|aSanté|2gcpds |
| 720 | 1 |aBégin, Monique |
| 776 | 0#|tLa surveillance de la santé des femmes : |w(CaOODSP)9.639556 |
| 776 | 0#|tWomen's health surveillance : |w(CaOODSP)9.695418 |
| 791 | |tWomen's health surveillance: a plan of action for Health Canada : |eeng|w(CaOODSP)9.661455 |